Evaluación del efecto de las condiciones de operación en la deshidratación de etanol para la producción de dietil éter mediante catálisis heterogénea en fase gas
שמור ב:
| מחבר ראשי: | |
|---|---|
| מחברים אחרים: | |
| פורמט: | ספר |
| שפה: | Spanish |
| יצא לאור: |
San José, Costa Rica
2020
|
| נושאים: | |
| תגים: |
הוספת תג
אין תגיות, היה/י הראשונ/ה לתייג את הרשומה!
|
MARC
| LEADER | 00000nam a2200000Ia 4500 | ||
|---|---|---|---|
| 003 | 013529 | ||
| 005 | 20230411141232.0 | ||
| 008 | 140116s2020 cr a 000 ||spa d | ||
| 040 | |c cru CEDI | ||
| 100 | |a Rojas Camacho, Fabián Roberto, 1995- |9 342 | ||
| 245 | |a Evaluación del efecto de las condiciones de operación en la deshidratación de etanol para la producción de dietil éter mediante catálisis heterogénea en fase gas | ||
| 260 | |a San José, Costa Rica |c 2020 | ||
| 500 | |a Proyecto de graduación (licenciatura en ingeniería química)--Universidad de Costa Rica. Facultad de Ingeniería. Escuela de Ingeniería Química | ||
| 501 | |a Directora de Proyecto de Graduación: Ing. Bárbara Miranda Morales, PhD | ||
| 650 | |x CATALISIS HETEROGENEAS - EVALUACION |x DIFRACCION DE RAYOS X |x CROMATOGRAFIA DE GASES |x ESPECTROSCOPIA ULTRAVIOLETA |x CATALIZADORES DE COBRE - PRUEBAS |x TERMODINAMICA |x ALCOHOL - EFECTO DE LA TEMPERATURA - EVALUACION |x ETERES - PRODUCCION |x MICROSCOPIA ELECTRONICA DE EXPLORACION | ||
| 700 | |9 10 |a Miranda Morales, Bárbara Cristina, 1983- |d Directora del TFG | ||
| 942 | |c CEDI |h TFG 8680 |6 TFG_8680_000000000000000 | ||
| 999 | |c 22031 |d 22031 | ||
